000
00244nam a2200097Ia 4500
001
710539
005
20250826162751.0
008
250824s9999 xx 000 0 und d
245
0
_a
AŞKIN GÖZYAŞLARI
_c
SİNAN YAĞMUR
260
_b
KARATAY AKADEMİ
999
_c
710539
_d
710539